[Event "Open A"]
[Site "Cortina d'Ampezzo"]
[Date "2005.07.14"]
[Round "6.8"]
[White "Molina, Fabrizio"]
[Black "Napoli, Nicolo"]
[Result "1-0"]
[WhiteElo "2268"]
[BlackElo "2225"]
[PlyCount "83"]
[EventDate "2005.07.10"]
[EventType "swiss"]
[EventRounds "9"]
[EventCountry "ITA"]

1. c4 Nf6 2. g3 g6 3. Bg2 Bg7 4. Nc3 O-O 5. e4 e5 6. Nge2 Na6 7. O-O c6 8. b3 Re8 9. Bb2 d5 10. exd5 cxd5 11. Nxd5 Nxd5 12. Bxd5 Nb4 13. Be4 Bg4 14. f3 Bh3 15. Rf2 f5 16. Bb1 e4 17. Bxg7 Kxg7 18. fxe4 fxe4 19. Qc1 Kg8 20. Qc3 e3 21. Rf3 exd2 22. Bd3 Bg4 23. c5 Nxd3 24. Rxd3 Qe7 25. Rxd2 Bxe2 26. Re1 Qe5 27. Qxe5 Rxe5 28. Rexe2 Rxe2 29. Rxe2 Rc8 30. b4 Kf7 31. Kf2 a5 32. a3 Kf6 33. Rd2 Rc7 34. Rd6+ Kg5 35. Rd5+ Kf6 36. Rd6+ Kg5 37. Rd5+ Kf6 38. Ke3 axb4 39. axb4 Re7+ 40. Kd3 Ke6 41. Kc4 Rf7 42. Rd6+ 1-0

[Event "Open A"]
[Site "Cortina d'Ampezzo"]
[Date "2005.07.14"]
[Round "6.15"]
[White "Mercandelli, Claudio"]
[Black "Agnelli, Francesco"]
[Result "1-0"]
[WhiteElo "2105"]
[BlackElo "2055"]
[PlyCount "75"]
[EventDate "2005.07.10"]
[EventType "swiss"]
[EventRounds "9"]
[EventCountry "ITA"]

1. c4 Nf6 2. g3 g6 3. Bg2 Bg7 4. Nc3 d6 5. e4 e5 6. Nge2 Nc6 7. d3 O-O 8. O-O Ng4 9. h3 Nh6 10. Be3 f5 11. f4 Kh8 12. Qd2 Nf7 13. exf5 gxf5 14. d4 e4 15. d5 Ne7 16. Nd4 Ng6 17. Ne6 Bxe6 18. dxe6 Nh6 19. Bd4 Ng8 20. Nd5 c6 21. Bxg7+ Kxg7 22. Qc3+ Kh6 23. Ne3 Qf6 24. Qxf6 Rxf6 25. g4 Kg7 26. Nxf5+ Kh8 27. Nxd6 Nxf4 28. Nxe4 Ne2+ 29. Kh2 Rxe6 30. Rf7 Rh6 31. Rd1 Re8 32. Rdd7 c5 33. Rxb7 a5 34. Ra7 Rb8 35. Rxa5 Re8 36. a4 Rb8 37. Rb5 Rd8 38. a5 1-0

[Event "Open A"]
[Site "Cortina d'Ampezzo"]
[Date "2005.07.14"]
[Round "6.18"]
[White "Cardili, Mariano"]
[Black "Gardi, Giuseppe"]
[Result "1/2-1/2"]
[WhiteElo "2076"]
[BlackElo "2099"]
[PlyCount "106"]
[EventDate "2005.07.10"]
[EventType "swiss"]
[EventRounds "9"]
[EventCountry "ITA"]

1. d4 g6 2. c4 Bg7 3. Nc3 d6 4. e4 e5 5. dxe5 dxe5 6. Qxd8+ Kxd8 7. Bg5+ f6 8. Be3 c6 9. Rd1+ Nd7 10. c5 Bh6 11. Bxh6 Nxh6 12. Nf3 Ke7 13. b4 a5 14. a3 axb4 15. axb4 Ra3 16. Rd3 Ra1+ 17. Rd1 Rxd1+ 18. Nxd1 b6 19. cxb6 Nxb6 20. Nc3 Be6 21. Bd3 Ra8 22. Kd2 Nf7 23. Kc2 Nd6 24. Nd2 Ndc4 25. Nxc4 Bxc4 26. Bxc4 Nxc4 27. Kb3 Nd2+ 28. Kc2 Nc4 29. Kb3 Nd2+ 30. Kc2 Nc4 31. Rd1 Nd6 32. Kb3 Ke6 33. f3 Rb8 34. Na4 Ra8 35. Rd2 Ra7 36. Ra2 Ke7 37. Nb6 Rxa2 38. Kxa2 f5 39. exf5 gxf5 40. Kb3 Ke6 41. Nc4 Nb5 42. Kc2 e4 43. fxe4 fxe4 44. Kd2 Kd5 45. Ne3+ Ke5 46. Ng4+ Kd4 47. h4 Nd6 48. Nf6 h6 49. Ng8 Nf5 50. g4 Nxh4 51. Nxh6 Nf3+ 52. Ke2 Kc4 53. Ke3 Ng5 1/2-1/2

[Event "Open A"]
[Site "Cortina d'Ampezzo"]
[Date "2005.07.14"]
[Round "6.9"]
[White "Satta, Vladimiro"]
[Black "Scerbo, Antonio"]
[Result "0-1"]
[WhiteElo "2223"]
[BlackElo "2113"]
[PlyCount "102"]
[EventDate "2005.07.10"]
[EventType "swiss"]
[EventRounds "9"]
[EventCountry "ITA"]

1. c4 Nf6 2. g3 g6 3. Bg2 Bg7 4. Nc3 O-O 5. d3 d6 6. e3 e5 7. Nge2 Nc6 8. O-O Bf5 9. h3 Qd7 10. g4 Be6 11. f4 h5 12. g5 Nh7 13. Kh2 f6 14. gxf6 Nxf6 15. Nd5 Rae8 16. e4 Ne7 17. fxe5 dxe5 18. Bg5 Bxd5 19. cxd5 c6 20. dxc6 Nxc6 21. Nc3 Nd4 22. Qd2 Kh7 23. Rac1 Ne6 24. Be3 b6 25. Rf2 Rd8 26. Rd1 Nd4 27. Bg5 Ne6 28. Be3 Nd4 29. Ne2 Nxe2 30. Qxe2 Bh6 31. Rdf1 Bxe3 32. Qxe3 Kg7 33. Qg3 Qe7 34. Rg1 Kh7 35. Bf1 Rg8 36. Be2 Rdf8 37. Bd1 Nd7 38. Rxf8 Qxf8 39. Bb3 Rg7 40. Be6 Nc5 41. Bc4 Qf6 42. Rg2 Ne6 43. Rf2 Nf4 44. d4 g5 45. dxe5 Qxe5 46. h4 Ng6 47. hxg5 Qxg3+ 48. Kxg3 Ne5 49. Be6 Rxg5+ 50. Kh4 Kh6 51. Rf8 Ng6+ 0-1

[Event "Open A"]
[Site "Cortina d'Ampezzo"]
[Date "2005.07.14"]
[Round "6.16"]
[White "Melotti, Dario Valerio"]
[Black "Ricci, Alfredo"]
[Result "1/2-1/2"]
[WhiteElo "2093"]
[BlackElo "2015"]
[PlyCount "134"]
[EventDate "2005.07.10"]
[EventType "swiss"]
[EventRounds "9"]
[EventCountry "ITA"]

1. c4 Nf6 2. Nc3 e5 3. Nf3 d6 4. d4 Nbd7 5. g3 b6 6. Bg2 Bb7 7. O-O Be7 8. d5 O-O 9. e4 Ne8 10. Ne1 Bg5 11. f4 exf4 12. gxf4 Bf6 13. Nf3 Bxc3 14. bxc3 Nc5 15. Nd4 Nf6 16. Re1 Re8 17. e5 Nfd7 18. exd6 Rxe1+ 19. Qxe1 cxd6 20. Qg3 Nf6 21. f5 Qf8 22. Bg5 Nce4 23. Qh4 Nxg5 24. Qxg5 Ba6 25. Nb5 Bxb5 26. cxb5 Qc8 27. Qe3 Qxf5 28. Rf1 Qe5 29. Qxe5 dxe5 30. d6 Rd8 31. Rd1 Nd7 32. a4 f5 33. Bd5+ Kf8 34. Be6 g6 35. a5 Kg7 36. Bd5 Kf6 37. c4 e4 38. Bc6 Ke5 39. axb6 axb6 40. Kf2 Nc5 41. Rd5+ Ke6 42. d7 Nd3+ 43. Ke3 Nb4 44. Rd2 Ke5 45. Rb2 f4+ 46. Ke2 Nd3 47. Rd2 Nc1+ 48. Kd1 Nb3 49. Rd5+ Ke6 50. Ke2 Nc5 51. Rd1 g5 52. h3 h6 53. Rd2 Ke7 54. Rd4 e3 55. h4 Nxd7 56. hxg5 hxg5 57. Rd5 Nf6 58. Rxg5 Rd2+ 59. Ke1 Rc2 60. Re5+ Kd6 61. Rf5 Rc1+ 62. Ke2 Rc2+ 63. Ke1 Ng4 64. Rxf4 Nf2 65. Rd4+ Kc5 66. Rd8 Kxc4 67. Be8 Rd2 1/2-1/2

[Event "Open A"]
[Site "Cortina d'Ampezzo"]
[Date "2005.07.12"]
[Round "3.2"]
[White "Drazic, Sinisa"]
[Black "Cacco, Christian"]
[Result "1/2-1/2"]
[WhiteElo "2497"]
[BlackElo "2348"]
[Annotator "Ballarin,Gabriele"]
[PlyCount "178"]
[EventDate "2005.07.10"]
[EventType "swiss"]
[EventRounds "9"]
[EventCountry "ITA"]

1. e4 c5 2. Nf3 Nc6 3. Nc3 e5 4. Bc4 Be7 5. d3 Nf6 6. Bg5 O-O 7. O-O Ne8 8. Bxe7 Qxe7 9. Nd5 Qd8 10. a3 d6 11. Nd2 a6 12. b4 b5 13. Ba2 cxb4 14. axb4 Be6 15. c3 a5 16. bxa5 Rxa5 17. Qb1 Nc7 18. Nxc7 Bxa2 19. Rxa2 Qxc7 20. Rb2 Rb8 21. Rc1 Qd8 22. h3 h6 23. Nf1 Qb6 24. Ne3 Ra7 25. Nd5 Qa5 26. g3 Ne7 27. Ne3 Rab7 28. Kg2 Qc7 29. Rb4 Qd7 30. Qa2 Nc6 31. Rb3 b4 32. Nd5 bxc3 33. Rbxc3 Rb2 34. Qa4 Qa7 35. Qxa7 Nxa7 36. Rc7 Nb5 37. Rc8+ Rxc8 38. Rxc8+ Kh7 39. Rb8 Rb3 40. Rb7 Kg8 41. Ne7+ Kf8 42. Nc8 Nd4 43. Rd7 Ke8 44. Ra7 Nb5 45. Rb7 Rc3 46. Nb6 Nc7 47. Rb8+ Ke7 48. Rc8 Rc5 49. h4 h5 50. Kf3 Ne6 51. Nd5+ Kd7 52. Rb8 Rb5 53. Ra8 Nd4+ 54. Kg2 Rb7 55. Rf8 Kc6 56. Rd8 Ne6 57. Ra8 Kd7 58. Ra3 Nc7 {=} 59. Ne3 Ne6 60. Nc4 Nc5 61. Kf1 Rb3 62. Ra5 Rc3 63. Ke2 Ke6 64. Nb6 Rc2+ 65. Kf3 Nxd3 66. Ra7 Nc5 67. Nd5 Nxe4 68. Kxe4 Rc4+ 69. Ke3 Kxd5 70. Rxf7 Rg4 71. Rf5 g6 72. Rf6 Kc6 73. Rf7 Kc5 74. Rc7+ Kd5 75. Re7 g5 76. hxg5 Rxg5 77. Rh7 Rf5 78. Rh6 Kc5 79. Rh8 d5 80. Rc8+ Kd6 81. Rd8+ Ke6 82. Re8+ Kf6 83. Rf8+ Kg6 84. Rg8+ Kh6 85. Rh8+ Kg7 86. Rd8 d4+ 87. Ke4 Rxf2 88. Kxe5 Rf3 89. Rxd4 Kg6 1/2-1/2

[Event "Open A"]
[Site "Cortina d'Ampezzo"]
[Date "2005.07.12"]
[Round "3.3"]
[White "Boscolo, Marco"]
[Black "Efimov, Igor"]
[Result "0-1"]
[WhiteElo "2006"]
[BlackElo "2401"]
[PlyCount "102"]
[EventDate "2005.07.10"]
[EventType "swiss"]
[EventRounds "9"]
[EventCountry "ITA"]

1. Nf3 d5 2. d4 c5 3. c3 Nc6 4. g3 Qb6 5. dxc5 Qxc5 6. Bg2 Nf6 7. Nbd2 e5 8. Nb3 Qd6 9. O-O h6 10. Be3 Qc7 11. Bc5 Bxc5 12. Nxc5 O-O 13. h3 Qb6 14. Nb3 Be6 15. Nfd2 a5 16. a4 Rad8 17. Qc2 Ne4 18. e3 f5 19. Rad1 Nd6 20. Nc1 Qc7 21. Ndb3 Ne4 22. Nd3 b6 23. Nd2 g5 24. b3 Nxd2 25. Rxd2 e4 26. Ne1 f4 27. exf4 gxf4 28. f3 Ne5 29. fxe4 fxg3 30. Nf3 Nxf3+ 31. Rxf3 Rxf3 32. Bxf3 Qf4 33. Qd3 Rf8 34. Kg2 Qh4 35. Kg1 dxe4 36. Qxe4 Qxe4 37. Bxe4 Bxh3 38. Bg2 Bxg2 39. Kxg2 Rf2+ 40. Rxf2 gxf2 41. Kxf2 Kf7 42. Kf3 Ke6 43. Kf4 Kd5 44. Kf5 h5 45. Kg5 Ke4 46. Kxh5 Kd3 47. b4 Kxc3 48. bxa5 bxa5 49. Kg4 Kb4 50. Kf3 Kxa4 51. Ke2 Kb3 0-1

[Event "Open A"]
[Site "Cortina d'Ampezzo"]
[Date "2005.07.12"]
[Round "3.5"]
[White "Napoli, Nicolo"]
[Black "Dragojlovic, Andjelko"]
[Result "1-0"]
[WhiteElo "2225"]
[BlackElo "2320"]
[PlyCount "98"]
[EventDate "2005.07.10"]
[EventType "swiss"]
[EventRounds "9"]
[EventCountry "ITA"]

1. d4 g6 2. e4 Bg7 3. Nc3 c5 4. Be3 cxd4 5. Bxd4 Nf6 6. e5 Ng8 7. e6 Nf6 8. exf7+ Kxf7 9. Nf3 Nc6 10. Ng5+ Ke8 11. Bc4 Nxd4 12. Qxd4 Qa5 13. h4 Nh5 14. Qd2 Bxc3 15. bxc3 Qe5+ 16. Kf1 Rf8 17. Rh3 h6 18. Re1 Qc5 19. Bf7+ Rxf7 20. Nxf7 Qc4+ 21. Kg1 Qxf7 22. Qxh6 Qg7 23. Qg5 Qf6 24. Qh6 Qg7 25. Qg5 d6 26. Rhe3 e6 27. Rxe6+ Bxe6 28. Rxe6+ Kd7 29. Rxg6 Qe5 30. Qg4+ Ke7 31. Rg5 Qe1+ 32. Kh2 Nf6 33. Qc4 d5 34. Qc5+ Ke6 35. c4 Rd8 36. cxd5+ Rxd5 37. Qxa7 Rxg5 38. Qb6+ Kf7 39. hxg5 Qe5+ 40. g3 Qxg5 41. Qxb7+ Kg6 42. Qf3 Ng4+ 43. Kg2 Qh5 44. a4 Qh2+ 45. Kf1 Qh5 46. Qe4+ Kf6 47. a5 Ne5 48. Qh4+ Qxh4 49. gxh4 Kf5 1-0

[Event "Open A"]
[Site "Cortina d'Ampezzo"]
[Date "2005.07.12"]
[Round "3.6"]
[White "Calzetta Ruiz, Monica"]
[Black "Navarro, Stefano"]
[Result "1-0"]
[WhiteElo "2282"]
[BlackElo "2209"]
[PlyCount "63"]
[EventDate "2005.07.10"]
[EventType "swiss"]
[EventRounds "9"]
[EventCountry "ITA"]

1. e4 e5 2. Nf3 Nc6 3. Bb5 f5 4. Nc3 fxe4 5. Nxe4 d5 6. Nxe5 dxe4 7. Nxc6 Qg5 8. Qe2 Nf6 9. f4 Qxf4 10. Ne5+ c6 11. d4 Qh4+ 12. g3 Qh3 13. Bc4 Be6 14. Bf4 O-O-O 15. O-O-O Bd6 16. Kb1 Rhf8 17. a4 Bc7 18. Rhe1 Bd5 19. Bxd5 cxd5 20. Qb5 Qe6 21. Re3 Qb6 22. Qe2 Rd6 23. Rc3 Kb8 24. Rc5 Rc8 25. c4 Qa6 26. Qc2 Nd7 27. Nxd7+ Rxd7 28. cxd5 b6 29. Rxc7 Rcxc7 30. Qxe4 Qxa4 31. Rc1 Kb7 32. Bxc7 1-0

[Event "Open A"]
[Site "Cortina d'Ampezzo"]
[Date "2005.07.12"]
[Round "3.7"]
[White "Marta, Daniele"]
[Black "Guido, Flavio"]
[Result "1/2-1/2"]
[WhiteElo "2024"]
[BlackElo "2305"]
[Annotator "Ballarin,Gabriele"]
[PlyCount "31"]
[EventDate "2005.07.10"]
[EventType "swiss"]
[EventRounds "9"]
[EventCountry "ITA"]

1. c4 Nf6 2. Nc3 c5 3. Nf3 e6 4. d4 cxd4 5. Nxd4 Bb4 6. Ndb5 d5 7. Bf4 O-O 8. e3 Nc6 9. a3 Ba5 10. b4 a6 11. Nd4 Bc7 12. Bxc7 Qxc7 13. cxd5 Nxd4 14. Qxd4 Rd8 15. Bc4 exd5 16. Bb3 {=} 1/2-1/2

[Event "Open A"]
[Site "Cortina d'Ampezzo"]
[Date "2005.07.12"]
[Round "3.8"]
[White "Mrdja, Milan"]
[Black "Ventura, Sergio"]
[Result "1-0"]
[WhiteElo "2352"]
[BlackElo "2153"]
[PlyCount "107"]
[EventDate "2005.07.10"]
[EventType "swiss"]
[EventRounds "9"]
[EventCountry "ITA"]

1. e4 d6 2. d4 Nf6 3. Nc3 c6 4. f4 Qa5 5. Bd3 d5 6. e5 Ne4 7. Nge2 f5 8. exf6 exf6 9. Bxe4 dxe4 10. Bd2 f5 11. Nxe4 Qd5 12. Nf2 Qxg2 13. Nc3 Bd6 14. Qe2+ Kd8 15. O-O-O Re8 16. Qf1 Qxf1 17. Rhxf1 Be6 18. Rg1 g6 19. Nd3 Nd7 20. Ne5 Nf6 21. b3 Kc7 22. Kb2 b5 23. Rge1 a5 24. a4 b4 25. Ne2 Ne4 26. Ng3 Nf2 27. Rc1 Bd5 28. Re2 Ng4 29. Rce1 Nf6 30. Re3 Bf8 31. h4 Ne4 32. Nxe4 Bxe4 33. h5 gxh5 34. Rh3 c5 35. dxc5 Bxc5 36. Be3 Bd6 37. Rxh5 Bxe5+ 38. fxe5 Re7 39. Rh6 Rc8 40. Bc5 Rg7 41. Re2 Kb7 42. Rb6+ Kc7 43. Ra6 h5 44. Rxa5 h4 45. Bxb4 h3 46. Rxe4 Rg4 47. Rxg4 fxg4 48. Be1 Kb6 49. Rb5+ Kc6 50. Bg3 Rf8 51. Rb4 Rf2 52. e6 Rg2 53. Rc4+ Kd5 54. e7 1-0

[Event "Open A"]
[Site "Cortina d'Ampezzo"]
[Date "2005.07.12"]
[Round "3.9"]
[White "Genocchio, Daniele"]
[Black "Alberton, Roberto"]
[Result "1-0"]
[WhiteElo "2306"]
[BlackElo "2108"]
[PlyCount "35"]
[EventDate "2005.07.10"]
[EventType "swiss"]
[EventRounds "9"]
[EventCountry "ITA"]

1. e4 e6 2. d4 d5 3. e5 c5 4. Qg4 cxd4 5. Nf3 Nc6 6. Bd3 g6 7. O-O Bg7 8. Re1 Qc7 9. Bf4 Nge7 10. h4 h5 11. Qg3 Qb6 12. a3 Bd7 13. b4 Nd8 14. c3 dxc3 15. Nxc3 d4 16. Ne4 Nf5 17. Qh3 Bb5 18. Bxb5+ 1-0

[Event "Open A"]
[Site "Cortina d'Ampezzo"]
[Date "2005.07.13"]
[Round "4.8"]
[White "Vezzosi, Paolo"]
[Black "Popa, Claudio"]
[Result "1-0"]
[WhiteElo "2380"]
[BlackElo "2183"]
[PlyCount "61"]
[EventDate "2005.07.10"]
[EventType "swiss"]
[EventRounds "9"]
[EventCountry "ITA"]

1. d4 d5 2. Nf3 Nf6 3. c4 dxc4 4. e3 e6 5. Bxc4 c5 6. O-O a6 7. a3 b5 8. Ba2 Bb7 9. Qe2 Qb6 10. dxc5 Bxc5 11. b4 Be7 12. Bb2 O-O 13. Bd4 Qc7 14. Nbd2 Nc6 15. Bc5 Bxc5 16. bxc5 Ne5 17. Rfc1 Nxf3+ 18. Nxf3 Bxf3 19. gxf3 Rfd8 20. Rc3 Nd5 21. Bxd5 Rxd5 22. Rac1 Rc8 23. c6 Qb6 24. c7 h6 25. Rc6 Qb7 26. Qe1 Rg5+ 27. Kf1 Kf8 28. Qb4+ Ke8 29. e4 Rh5 30. Qd6 b4 31. Rb6 1-0

[Event "Open A"]
[Site "Cortina d'Ampezzo"]
[Date "2005.07.13"]
[Round "4.7"]
[White "Dragojlovic, Andjelko"]
[Black "Braghetta, Sergio"]
[Result "1-0"]
[WhiteElo "2320"]
[BlackElo "2264"]
[PlyCount "79"]
[EventDate "2005.07.10"]
[EventType "swiss"]
[EventRounds "9"]
[EventCountry "ITA"]

1. e4 c5 2. Nf3 d6 3. c3 Nf6 4. Be2 g6 5. O-O Bg7 6. Bb5+ Bd7 7. Bxd7+ Qxd7 8. Re1 Nc6 9. d4 cxd4 10. cxd4 d5 11. e5 Ne4 12. Nc3 Nxc3 13. bxc3 O-O 14. Ng5 Nd8 15. h4 h6 16. Nh3 Rc8 17. Re3 Rc6 18. Rg3 Kh7 19. h5 Rg8 20. hxg6+ Rxg6 21. Rxg6 fxg6 22. Nf4 e6 23. Qd3 Qf7 24. g4 Bf8 25. Kg2 Kg7 26. Be3 Be7 27. Ne2 Nc6 28. Rh1 Rh8 29. f4 h5 30. f5 gxf5 31. gxf5 exf5 32. Ng3 h4 33. Nxf5+ Kf8 34. Rf1 Qg8+ 35. Kh1 Ke8 36. Qb5 Qg4 37. Qxd5 Qh3+ 38. Kg1 Qg4+ 39. Kh2 Rg8 40. Qf3 1-0

[Event "Open A"]
[Site "Cortina d'Ampezzo"]
[Date "2005.07.13"]
[Round "4.5"]
[White "Mrdja, Milan"]
[Black "Marta, Daniele"]
[Result "1-0"]
[WhiteElo "2352"]
[BlackElo "2024"]
[PlyCount "143"]
[EventDate "2005.07.10"]
[EventType "swiss"]
[EventRounds "9"]
[EventCountry "ITA"]

1. e4 e6 2. d4 d5 3. Nc3 Bb4 4. e5 c5 5. a3 Bxc3+ 6. bxc3 Ne7 7. Nf3 b6 8. Bb5+ Bd7 9. Bd3 c4 10. Be2 Ba4 11. Ng5 h6 12. Nh3 Nd7 13. Nf4 Qc7 14. O-O O-O-O 15. g4 Kb7 16. Be3 Ka8 17. Qd2 g6 18. Kh1 a5 19. Rg1 Bc6 20. f3 b5 21. a4 bxa4 22. Qe1 Rb8 23. Bc1 Nc8 24. Rf1 Na7 25. Kg1 Rb7 26. h4 Rhb8 27. Bd2 Rb2 28. Qc1 R8b7 29. h5 gxh5 30. Nxh5 Qb8 31. Bxh6 a3 32. Rxa3 Rb1 33. Qf4 Rxf1+ 34. Bxf1 Rb2 35. Rxa5 Rxc2 36. Qxf7 Rxc3 37. Qxe6 Qb6 38. Qg8+ Kb7 39. Ra2 Qxd4+ 40. Kg2 Qd1 41. Qf7 d4 42. Rf2 Rxf3 43. Rxf3 Qxf3+ 44. Qxf3 Nxe5 45. Qxc6+ Naxc6 46. Kg3 Kb6 47. Nf4 Kc5 48. Bf8+ Kb5 49. g5 d3 50. g6 Nd4 51. g7 d2 52. g8=Q d1=Q 53. Qd5+ Ka4 54. Qxe5 Qf3+ 55. Kh4 Qh1+ 56. Kg4 Qf3+ 57. Kg5 Qg3+ 58. Kf6 Qh4+ 59. Kf7 Qh7+ 60. Ke8 Nc6 61. Qe6 Na5 62. Bxc4 Qc7 63. Be2 Qb8+ 64. Ke7 Qxf4 65. Qa2+ Kb4 66. Ke8+ Kc3 67. Qxa5+ Kc2 68. Qc5+ Kd2 69. Bc4 Qe4+ 70. Kd7 Qg4+ 71. Be6 Qa4+ 72. Kd8 1-0

[Event "Open A"]
[Site "Cortina d'Ampezzo"]
[Date "2005.07.17"]
[Round "9.4"]
[White "Molina, Fabrizio"]
[Black "Godena, Michele"]
[Result "0-1"]
[WhiteElo "2268"]
[BlackElo "2522"]
[PlyCount "58"]
[EventDate "2005.07.10"]
[EventType "swiss"]
[EventRounds "9"]
[EventCountry "ITA"]

1. c4 e5 2. g3 Nf6 3. Bg2 h6 4. a3 c6 5. Nc3 d5 6. cxd5 cxd5 7. Qb3 Nc6 8. Nxd5 Nd4 9. Nxf6+ gxf6 10. Qd3 Qc7 11. Be4 f5 12. Qc3 Qxc3 13. bxc3 fxe4 14. cxd4 exd4 15. Bb2 Bg7 16. e3 O-O 17. f3 dxe3 18. Bxg7 exd2+ 19. Kxd2 Kxg7 20. fxe4 Bg4 21. h3 Bh5 22. Rc1 Rfe8 23. Rc5 Rad8+ 24. Ke3 Bg6 25. e5 Rd3+ 26. Kf4 Rd4+ 27. Kf3 Rd1 28. Ke2 Red8 29. Rc3 Be4 0-1

[Event "Open A"]
[Site "Cortina d'Ampezzo"]
[Date "2005.07.17"]
[Round "9.5"]
[White "Mrdja, Milan"]
[Black "Braghetta, Sergio"]
[Result "0-1"]
[WhiteElo "2352"]
[BlackElo "2264"]
[PlyCount "64"]
[EventDate "2005.07.10"]
[EventType "swiss"]
[EventRounds "9"]
[EventCountry "ITA"]

1. e4 c5 2. Nf3 d6 3. d4 cxd4 4. Nxd4 Nf6 5. Nc3 a6 6. Bg5 e6 7. Qf3 Nbd7 8. O-O-O Qc7 9. Be2 Rb8 10. g4 b5 11. a3 Bb7 12. Bxf6 Nxf6 13. g5 Nd7 14. Qh3 g6 15. f4 Be7 16. Qh6 Bf8 17. Qh3 Nc5 18. Bf3 Ba8 19. b4 Nd7 20. Rd3 Nb6 21. Re1 Be7 22. Qh6 Nc4 23. Qg7 Rf8 24. Qxh7 e5 25. Ne6 fxe6 26. Qxg6+ Kd8 27. f5 Kc8 28. h4 Qd7 29. f6 Bxf6 30. gxf6 Qf7 31. h5 Qxf6 32. Rg1 Kc7 0-1

[Event "Open A"]
[Site "Cortina d'Ampezzo"]
[Date "2005.07.17"]
[Round "9.6"]
[White "Guido, Flavio"]
[Black "Vezzosi, Paolo"]
[Result "1/2-1/2"]
[WhiteElo "2305"]
[BlackElo "2380"]
[Annotator "Ballarin,Gabriele"]
[PlyCount "22"]
[EventDate "2005.07.10"]
[EventType "swiss"]
[EventRounds "9"]
[EventCountry "ITA"]

1. e4 e6 2. d4 d5 3. e5 c5 4. c3 Nc6 5. Nf3 Bd7 6. Be2 Nge7 7. O-O Ng6 8. Be3 Be7 9. Bd3 Qb6 10. Qd2 c4 11. Be2 O-O {=} 1/2-1/2

[Event "Open A"]
[Site "Cortina d'Ampezzo"]
[Date "2005.07.17"]
[Round "9.9"]
[White "Calzetta Ruiz, Monica"]
[Black "Dvirnyy, Danyyil"]
[Result "1/2-1/2"]
[WhiteElo "2282"]
[BlackElo "2141"]
[Annotator "Ballarin,Gabriele"]
[PlyCount "52"]
[EventDate "2005.07.10"]
[EventType "swiss"]
[EventRounds "9"]
[EventCountry "ITA"]

1. e4 c5 2. Nf3 d6 3. d4 cxd4 4. Nxd4 Nf6 5. Nc3 g6 6. Bc4 Bg7 7. O-O O-O 8. Re1 a6 9. a4 Qc7 10. Bf1 b6 11. Nd5 Qb7 12. c4 e6 13. Nc3 Nc6 {=} 14. Nc2 Re8 15. Bg5 h6 16. Bh4 Qc7 17. Ne3 g5 18. Bg3 Ne5 19. f3 Bb7 20. Rc1 Rac8 21. Qb3 Nfd7 22. Red1 h5 23. h4 g4 24. f4 Nc6 25. Qa3 Bd4 26. Rxd4 Nxd4 {=} 1/2-1/2

[Event "Open A"]
[Site "Cortina d'Ampezzo"]
[Date "2005.07.16"]
[Round "8.2"]
[White "Efimov, Igor"]
[Black "Cacco, Christian"]
[Result "1/2-1/2"]
[WhiteElo "2401"]
[BlackElo "2348"]
[Annotator "Ballarin,Gabriele"]
[PlyCount "53"]
[EventDate "2005.07.10"]
[EventType "swiss"]
[EventRounds "9"]
[EventCountry "ITA"]

1. e4 d6 2. d4 g6 3. Nc3 Bg7 4. f4 Nf6 5. Nf3 O-O 6. Bd3 c5 7. dxc5 dxc5 8. e5 Nd5 9. Nxd5 Qxd5 10. Qe2 Nc6 11. Be4 Qd7 12. Be3 b6 13. h4 Bb7 14. h5 Nb4 15. Bxb7 Qxb7 16. hxg6 hxg6 17. a3 Qa6 18. Qxa6 Nxa6 19. Ke2 Rfd8 20. g4 Nc7 21. c4 f6 {=} 22. exf6 Bxf6 23. Rab1 Ne8 24. Rh6 Kf7 25. Ng5+ Bxg5 26. fxg5 Nd6 27. b3 {=} 1/2-1/2

[Event "Open A"]
[Site "Cortina d'Ampezzo"]
[Date "2005.07.16"]
[Round "8.1"]
[White "Godena, Michele"]
[Black "Drazic, Sinisa"]
[Result "1/2-1/2"]
[WhiteElo "2522"]
[BlackElo "2497"]
[Annotator "Ballarin,Gabriele"]
[PlyCount "38"]
[EventDate "2005.07.10"]
[EventType "swiss"]
[EventRounds "9"]
[EventCountry "ITA"]

1. e4 Nf6 2. e5 Nd5 3. d4 d6 4. Nf3 dxe5 5. Nxe5 Nd7 6. Nf3 e6 7. Be2 Be7 8. O-O O-O 9. c4 N5f6 10. Nc3 b6 11. Ne5 Bb7 12. Bf3 Bxf3 13. Qxf3 Nxe5 14. dxe5 Nd7 15. Qg3 Bh4 16. Qf4 h6 17. Rd1 Bg5 18. Qe4 Bxc1 19. Raxc1 Qe7 {=} 1/2-1/2

[Event "Open A"]
[Site "Cortina d'Ampezzo"]
[Date "2005.07.16"]
[Round "8.16"]
[White "Ricci, Alfredo"]
[Black "Maneschi, Giuseppe"]
[Result "0-1"]
[WhiteElo "2015"]
[BlackElo "2086"]
[PlyCount "84"]
[EventDate "2005.07.10"]
[EventType "swiss"]
[EventRounds "9"]
[EventCountry "ITA"]

1. e4 g6 2. d4 Bg7 3. f4 d6 4. Nc3 a6 5. Nge2 b5 6. Be3 Bb7 7. Ng3 Nf6 8. e5 Nd5 9. Nxd5 Bxd5 10. Qd2 Nd7 11. Bd3 Nb6 12. b3 O-O 13. Rc1 b4 14. O-O a5 15. f5 dxe5 16. fxg6 fxg6 17. Rxf8+ Kxf8 18. dxe5 Bxe5 19. Nh5 gxh5 20. Bxh7 Qd6 21. Bh6+ Ke8 22. Qg5 Bf7 23. Rf1 Bf6 24. Qb5+ Nd7 25. Bf5 Qb6+ 26. Qxb6 cxb6 27. Kf2 Nc5 28. Re1 Rd8 29. Re2 Rd5 30. Bh7 h4 31. Be3 Kf8 32. g4 hxg3+ 33. hxg3 Kg7 34. Bd3 Nxd3+ 35. cxd3 b5 36. Bb6 a4 37. Ba5 axb3 38. axb3 Rxd3 39. Bxb4 Bd4+ 40. Kg2 e6 41. Re4 e5 42. Bd6 Bd5 0-1

[Event "Open A"]
[Site "Cortina d'Ampezzo"]
[Date "2005.07.17"]
[Round "9.3"]
[White "Cacco, Christian"]
[Black "Mazzilli, Piero"]
[Result "1/2-1/2"]
[WhiteElo "2348"]
[BlackElo "2341"]
[PlyCount "22"]
[EventDate "2005.07.10"]
[EventType "swiss"]
[EventRounds "9"]
[EventCountry "ITA"]

1. d4 d5 2. Nf3 e6 3. c4 c6 4. Qc2 Bd6 5. Bg5 Nf6 6. Nbd2 Nbd7 7. e3 h6 8. Bh4 O-O 9. cxd5 cxd5 10. Bd3 Rb8 11. O-O b6 1/2-1/2

[Event "Open A"]
[Site "Cortina d'Ampezzo"]
[Date "2005.07.17"]
[Round "9.2"]
[White "Estremera Panos, Sergio"]
[Black "Efimov, Igor"]
[Result "1-0"]
[WhiteElo "2367"]
[BlackElo "2401"]
[PlyCount "115"]
[EventDate "2005.07.10"]
[EventType "swiss"]
[EventRounds "9"]
[EventCountry "ITA"]

1. d4 e6 2. c4 Nf6 3. Nc3 Bb4 4. e3 O-O 5. Bd3 d5 6. Nf3 c5 7. O-O dxc4 8. Bxc4 Nbd7 9. a3 cxd4 10. axb4 dxc3 11. bxc3 Qc7 12. Qb3 b6 13. Rd1 Bb7 14. Be2 Rfc8 15. c4 Ng4 16. h3 Nge5 17. Nxe5 Nxe5 18. Bb2 Ng6 19. Rd2 Qe7 20. Qc3 f6 21. Rad1 Rc7 22. b5 Qe8 23. Ba3 Rac8 24. Bd6 Rd7 25. Qb4 Rcd8 26. c5 bxc5 27. Bxc5 Ne5 28. Rxd7 Rxd7 29. Rxd7 Qxd7 30. Qd4 Qc8 31. Bxa7 Qc1+ 32. Qd1 Qc8 33. Qd6 h6 34. Qb8 Qxb8 35. Bxb8 Nd7 36. Bd6 Kf7 37. f3 Nb6 38. e4 f5 39. exf5 exf5 40. Kf2 Nd5 41. Bc4 g6 42. Ke2 Ke6 43. Bb8 h5 44. h4 Kf6 45. Kd3 g5 46. Kd4 Nb6 47. Be5+ Kg6 48. Be6 gxh4 49. Kc5 Na4+ 50. Kd6 h3 51. gxh3 Bxf3 52. Bb3 Nb6 53. Bd4 Na8 54. h4 f4 55. Be6 Be2 56. b6 Nxb6 57. Bxb6 Bg4 58. Ke5 1-0

[Event "Open A"]
[Site "Cortina d'Ampezzo"]
[Date "2005.07.17"]
[Round "9.8"]
[White "Popa, Claudio"]
[Black "Genocchio, Daniele"]
[Result "1/2-1/2"]
[WhiteElo "2183"]
[BlackElo "2306"]
[PlyCount "63"]
[EventDate "2005.07.10"]
[EventType "swiss"]
[EventRounds "9"]
[EventCountry "ITA"]

1. e4 c6 2. d4 d5 3. Nd2 dxe4 4. Nxe4 Nf6 5. Ng3 c5 6. Nf3 Nc6 7. Be3 Qa5+ 8. c3 Nd5 9. Qb3 e6 10. Bc4 Nxe3 11. fxe3 Be7 12. O-O O-O 13. Rad1 cxd4 14. exd4 Qc7 15. Bd3 Qf4 16. Rde1 Qh6 17. Qc2 Bd7 18. Kh1 Rac8 19. Qf2 b6 20. Ne5 Nxe5 21. dxe5 Rfd8 22. Rd1 Qg5 23. Qe2 Bc5 24. Qe4 g6 25. Bc2 Bb5 26. c4 Ba6 27. b3 Qe3 28. Nh5 Qxe4 29. Nf6+ Kg7 30. Bxe4 Bd4 31. Bc6 Bxe5 32. Nd7 1/2-1/2